Manual de derecho civil / Germán Rojas González (Registro nro. 10276)
[ vista simple ]
| 000 -LEADER | |
|---|---|
| fixed length control field | 00444nam a22001811a 4500 |
| 001 - CONTROL NUMBER | |
| control field | 10276 |
| 003 - CONTROL NUMBER IDENTIFIER | |
| control field | OSt |
| 005 - DATE AND TIME OF LATEST TRANSACTION | |
| control field | 20260204212153.0 |
| 008 - FIXED-LENGTH DATA ELEMENTS--GENERAL INFORMATION | |
| fixed length control field | 081007s2001||||ck ||||||b||||||||||spa|| |
| 020 ## - NUMERO DE LIBRO INTERNACIONAL NORMALIZADO | |
| International Standard Book Number | 9586482774 |
| 050 ## - LIBRARY OF CONGRESS CALL NUMBER | |
| Classification number | 340.56 R638m |
| 100 ## - ASIENTO PRINCIPAL -- NOMBRE PERSONAL | |
| Personal name | Rojas González, Germán |
| 245 ## - TÍTULO PROPIAMENTE DICHO: SUBTÍTULO | |
| Title | Manual de derecho civil / Germán Rojas González |
| 264 ## - PRODUCTION, PUBLICATION, DISTRIBUTION, MANUFACTURE, AND COPYRIGHT NOTICE | |
| Place of production, publication, distribution, manufacture | Colombia : Ecoe |
| 300 ## - PHYSICAL DESCRIPTION | |
| Extensión | 298 p |
| 650 ## - ASIENTO SECUNDARIO DE MATERIA -- TERMINO TEMÁTICO | |
| Termino Temático Como Elemento de Entrada | Derecho CivilÌ |
| 942 ## - ADDED ENTRY ELEMENTS (KOHA) | |
| Source of classification or shelving scheme | Dewey Decimal Classification |
| Koha item type | Libros |
| Withdrawn status | Lost status | Source of classification or shelving scheme | Damaged status | Not for loan | Current library | Date acquired | Total Checkouts | Full call number | Barcode | Checked out | Date last seen | Date last checked out | Price effective from | Koha item type |
|---|---|---|---|---|---|---|---|---|---|---|---|---|---|---|
| Dewey Decimal Classification | Biblioteca UTECO | 09/09/2019 | 1 | 340.56 R638M | 014452 | 08/12/2023 | 07/26/2023 | 07/26/2023 | 09/09/2019 | Libros | ||||
| Dewey Decimal Classification | Biblioteca UTECO | 09/09/2019 | 340.56 R638M | 014453 | 09/09/2019 | 09/09/2019 | Libros | |||||||
| Dewey Decimal Classification | Biblioteca UTECO | 09/09/2019 | 340.56 R638M | 014454 | 09/09/2019 | 09/09/2019 | Libros |
